Tilastot visalle Suomen katsotuimmat kotimaiset elokuvat 1970-

Klikkaa tästä pelataksesi tätä visaa!

Yleistilastot

  • Tätä visaa on pelattu 191 kertaa
    (184 viimeisimmän päivityksen jälkeen)
  • Keskiarvotulos 5 / 15

Vastaustilastot

SijoitusKatsojaluvutElokuvaOhjaajaJulkaisuvuosi% Oikein
7.589 914Tuntematon sotilasRauni Mollberg1985
88%
5.613 009Uuno TurhapuroEre Kokkonen1973
73%
1.750 965Uuno Turhapuro armeijan leivissäEre Kokkonen1984
59%
6.607 939Uuno EpsanjassaEre Kokkonen1985
57%
4.614 796Pahat pojatAleksi Mäkelä2003
53%
3.628 959TalvisotaPekka Parikka1989
40%
12.505 376LuokkakokousTaneli Mustonen2015
30%
8.572 488Uuno Turhapuro menettää muistinsaEre Kokkonen1982
26%
9.556 519Uuno Turhapuro muuttaa maalleEre Kokkonen1986
26%
10.515 310LomaRisto Jarva1976
22%
2.711 909Maa on syntinen lauluRauni Mollberg1973
19%
11.510 542Akseli ja ElinaEdvin Laine1970
13%
13.500 587MielensäpahoittajaDome Karukoski2014
12%
15.490 439Koeputkiaikuinen ja Simon enkelitSpede Pasanen1979
6%
14.497 346Viimeinen savottaEdvin Laine1977
4%

Tulosjakauma

Persentiili vastausten määrän mukaan

Jokaisen tuloksen saaneiden osuus

Tuloshistoriasi

Et ole pelannut tätä visaa sen viimeisimmän päivityksen jälkeen